Émile Zola: Germinal

محفوظ في:
التفاصيل البيبلوغرافية
المؤلف الرئيسي: Adam-Maillet, Maryse
التنسيق: كتاب
اللغة:Undetermined
منشور في: París, Francia Éditions Nathan 1995
الموضوعات:
الوسوم: إضافة وسم
لا توجد وسوم, كن أول من يضع وسما على هذه التسجيلة!

MARC

LEADER 00000nam a2200000Ia 4500
008 170316s9999 xx 000 0 und d
040 |a cru BVZT 
090 |a C-840 A-1.1e 
100 |a Adam-Maillet, Maryse 
245 |a Émile Zola: Germinal 
260 |a París, Francia 
260 |b Éditions Nathan 
260 |c 1995 
300 |a 64 páginas 
650 |a LITERATURA FRANCESA 
650 |a CRÍTICA 
999 |c 12936  |d 12936 
942 |c 15 D  |h C-840 A-1.1e  |2 z